Flaggen von Ländern, die an D.R Kongo grenzen - Statistiken

Allgemein
  • Dieses Quiz wurde 1.276 mal gespielt
  • Das Durchschnittsergebnis liegt bei 8 aus 9
Antwortstatistiken
Bildquiz Antwort % Korrekt
Angola
99%
Uganda
91%
Burundi
86%
Zentralafrikanische Republik
86%
Tansania
84%
Sambia
82%
Republik Kongo
81%
Südsudan
79%
Ruanda
78%
Keine übereinstimmenden Quizze gefunden
Verteilung der Resultate
Anzahl Personen mit jedem Resultat
Perzentil nach korrekt beantworteten Fragen
Ihre Resultats-Entwicklung
Sie haben dieses Quiz noch nicht gespielt